000 00553nam a2200193Ii 4500
001 8014
003 CO-ViMGA
008 241108s9999||||xx |||||||||||||| ||und||
040 _aCO-ViMGA
_bspa
_erda
_cCO-ViMGA
041 0 _aspa
082 0 4 _a301 I31
245 1 0 _aImagen de la sociedad y conciencia de clase
264 1 _aCaracas, Venezuela : Monte Avila, 1970
300 _avolumen
336 _atext
_btxt
_2rdacontent
337 _aunmediated
_bn
_2rdamedia
338 _avolume
_bnc
_2rdacarrier
940 _aidficha_siabuc: 7836. -- ficha_no_siabuc:8014
999 _c49222
_d49222